MARC

LEADER 00000nab a2200000 a 4500
001 vtls000301777
003 SK-MaSNL
005 20260303205751.0
008 150501c1987 xo 0 slo
015 |a SNBRB19rr/mm-uuuuu 
035 |a CL0311896 
040 |a SNKBUCL  |b slo  |c SNKBUCL  |e AACR2 
041 0 |a slo 
044 |a xo  |c SK 
080 |a 82:7.097  |2 1981 
080 |a 7.097  |2 1981 
080 |a 884  |2 1981 
245 0 0 |a Stávka s čertom  |c H.M. ; J. Beňovský, Kazimierz Przerwa-Tetmajer 
600 1 7 |a Beňovský, Jozef,  |d 1949-  |2 SNKMA  |9 98491 
600 1 7 |a Tetmajer-Przerwa, Kazimierz,  |d 1865-1940  |2 snkbucl  |9 52205 
610 2 7 |a Československá televízia  |2 snkbucl  |9 215938 
655 7 |a články z novín a časopisov  |2 snkbucl  |9 267496 
655 7 |a články z odboru literárna veda a krásna literatúra  |2 snkbucl  |9 770045 
773 0 |t Televízia  |g Roč. 22, č. 52 (1987), s. 13 
850 |a Slovenská národná knižnica v Martine  |a MTA001 
852 |a SNK  |b KIS3GCP 
958 |a RK 
958 |a LX 
958 |a PL 
992 |a RBX 
999 |c 2197064  |d 2198994